000
00297nam a22001337a 4500
008
170511b xxu||||| |||| 00| 0 eng d
020
_a
9781931719599
041
_a
eng
080
_2
3RD
_a
34
100
_a
15
101
_a
SHJ
245
_a
CORRECTIONAL CONTEXTS
_c
LATESSAM E,J
942
_2
udc
_c
BK
999
_c
13248
_d
13248